Countries By 3 Clues #4 - Statistics

General Stats
  • This quiz has been taken 52 times
  • The average score is 12 of 15
Answer Stats
3 Clues Countries % Correct
Lemurs, Elephant Bird, Antananarivo Madagascar
96%
Tasmania, Uluru, Penal Colony Australia
94%
Yeti, Sherpa, Tenzing Norgay Nepal
92%
Black Sea, Danube, Transylvania Romania
92%
Tamil, Ceylon, Rupee Sri Lanka
90%
Hugo Chávez, Angel Falls, Nicolás Maduro Venezuela
88%
Abidjan, Didier Drogba, Yamoussoukro Ivory Coast
78%
Timbuktu, Bamako, French Mali
78%
Houthis, Socotra, Sana'a Yemen
78%
Hausa, Sahel, Niamey Niger
76%
Formosa, Chiang Kai-Shek, Yu Shan Taiwan
76%
Gold, Thomas Sankara, Ouagadougou Burkina Faso
71%
Kofi Annan, Akan, Gold Coast Ghana
71%
Yaounde, Goliath Frog, Douala Cameroon
69%
Juche, Atheism, Hermit Kingdom North Korea
59%
No matching quizzes found
Score Distribution
Percent of People with Each Score
Percentile by Number Answered
Your Score History
You have not taken this quiz